000 00356nam a22001337a 4500
008 180918b xxu||||| |||| 00| 0 eng d
020 _a9781930624368
041 _aeng
080 _a610
100 _a3
101 _aSHM
245 _aProtecting Study Volunteers OIn Research A Manual For Investigative Sites
_cDunn.C.M
942 _2udc
_cBK
999 _c47928
_d47928